Football by Regions - East Asia - Statistics

General Stats
  • This quiz has been taken 11 times
  • The average score is 13 of 20
Answer Stats
Picture Answer % Correct
Guangzhou FC
89%
Kashima Antlers
89%
Vissel Kobe
89%
FC Seoul
78%
Gamba Osaka
78%
Urawa Red Diamonds
78%
Yokohama F. Marinos
78%
Beijing Guoan
67%
Jeju SK
67%
Jeonbuk Hyundai Motors
67%
Kawasaki Frontale
67%
Shanghai Shenhua
67%
Gwangju
56%
Shanghai Port
56%
Ulsan HD
56%
FC Tokyo
44%
Kitchee FC
44%
Zhejiang Professional
44%
Guangzhou City FC
33%
Shenzhen FC
11%
No matching quizzes found
Score Distribution
Percent of People with Each Score
Percentile by Number Answered
Your Score History
You have not taken this quiz